Don't crack up in the heat (Record no. 73223)
[ view plain ]
| 000 -LEADER | |
|---|---|
| fixed length control field | 01046cam a2200205 4500 |
| 001 - CONTROL NUMBER | |
| control field | WB3931-02 |
| 008 - FIXED-LENGTH DATA ELEMENTS--GENERAL INFORMATION | |
| fixed length control field | 030815n2003 000 0 eng u |
| 035 ## - SYSTEM CONTROL NUMBER | |
| System control number | (Sirsi) u123276 |
| 245 ## - TITLE STATEMENT | |
| Title | Don't crack up in the heat |
| 260 ## - PUBLICATION, DISTRIBUTION, ETC. | |
| Date of publication, distribution, etc. | 2003 |
| 490 ## - SERIES STATEMENT | |
| Series statement | RICS Press Release |
| Volume/sequential designation | (pr083) 12 August 2003 (3) |
| 520 ## - SUMMARY, ETC. | |
| Summary, etc. | The RICS has urged house owners to look out for signs of subsidence caused by the loss of water from shrinkable subsoil as a result of the hot, dry weather. Trees can exacerbate the problem. House owners are urged to notify their insurers immediately if they feel they have a problem. Building surveyors may well be part of the team involved in rectifying the problems. The RICS has produced a free brochure "What to do when the earth moves", available from the contact centre on t +44 (0)870 333 1600 to help the public deal with the issues associated with subsidence. |
| 590 ## - LOCAL NOTE (RLIN) | |
| Local note | WB |
| 650 ## - SUBJECT ADDED ENTRY--TOPICAL TERM | |
| Topical term or geographic name entry element | SUBSIDENCE |
| 650 ## - SUBJECT ADDED ENTRY--TOPICAL TERM | |
| Topical term or geographic name entry element | TREES |
| 650 ## - SUBJECT ADDED ENTRY--TOPICAL TERM | |
| Topical term or geographic name entry element | SHRINKAGE |
| 650 ## - SUBJECT ADDED ENTRY--TOPICAL TERM | |
| Topical term or geographic name entry element | CRACKING |
| 690 ## - LOCAL SUBJECT ADDED ENTRY--TOPICAL TERM (OCLC, RLIN) | |
| Topical term or geographic name as entry element | BUILT ENVIRONMENT |
| 942 ## - ADDED ENTRY ELEMENTS (KOHA) | |
| Suppress in OPAC | 0 |
| Withdrawn status | Lost status | Source of classification or shelving scheme | Damaged status | Not for loan | Home library | Current library | Shelving location | Date acquired | Total Checkouts | Full call number | Barcode | Date last seen | Copy number | Price effective from | Koha item type |
|---|---|---|---|---|---|---|---|---|---|---|---|---|---|---|---|
| Dewey Decimal Classification | London | London | News article | 15/08/2003 | WB3931-02 | 123276-1001 | 06/08/2019 | 1 | 06/08/2019 | News article |